00618nam a2200205Ia 4500003000400000005001700004008004100021020001900062040000700081041000800088082001500096100002600111245004100137260004300178300000900221650002000230942001300250999001900263952013000282OSt20250826101802.0250729s2005 xx 000 0 und d a978-8183160315 cAL aeng a530.7 RAJM aRajasheakar S9222205 aMethods of teaching physical science aNew DelhibNeelkamal Publicationc2005 a267p aScience9222206 2ddccBED c235350d235350 00104070aALbALd2025-07-29eSita Book Houseg120.00l0o530.7 RAJMpBED00669r2025-07-29 16:53:55v120.00w2025-07-29yBK